<?xml version="1.0" encoding="UTF-8"?>
<record
    xmlns:xsi="http://www.w3.org/2001/XMLSchema-instance"
    xsi:schemaLocation="http://www.loc.gov/MARC21/slim http://www.loc.gov/standards/marcxml/schema/MARC21slim.xsd"
    xmlns="http://www.loc.gov/MARC21/slim">

  <leader>01552nam2a22002891  4500</leader>
  <controlfield tag="001">rc\3606901</controlfield>
  <controlfield tag="005">20260406090236.0</controlfield>
  <datafield tag="021" ind1=" " ind2=" ">
    <subfield code="a">RU</subfield>
    <subfield code="b">[72-15883]</subfield>
  </datafield>
  <datafield tag="035" ind1=" " ind2=" ">
    <subfield code="a">(NLR Aleph) 007815195</subfield>
  </datafield>
  <datafield tag="090" ind1=" " ind2=" ">
    <subfield code="a">7726161</subfield>
    <subfield code="c">7726161</subfield>
  </datafield>
  <datafield tag="100" ind1=" " ind2=" ">
    <subfield code="a">20130115d1972    |||y0rusy50      ca</subfield>
  </datafield>
  <datafield tag="101" ind1="0" ind2=" ">
    <subfield code="a">rus</subfield>
  </datafield>
  <datafield tag="102" ind1=" " ind2=" ">
    <subfield code="a">RU</subfield>
  </datafield>
  <datafield tag="105" ind1=" " ind2=" ">
    <subfield code="a">y   z   |||||</subfield>
  </datafield>
  <datafield tag="200" ind1="1" ind2=" ">
    <subfield code="a">&#x42D;&#x442;&#x438;&#x43A;&#x430; &#x43A;&#x430;&#x43A; &#x444;&#x438;&#x43B;&#x43E;&#x441;&#x43E;&#x444;&#x441;&#x43A;&#x430;&#x44F; &#x43D;&#x430;&#x443;&#x43A;&#x430;</subfield>
    <subfield code="f">&#x421;.&#x424;. &#x410;&#x43D;&#x438;&#x441;&#x438;&#x43C;&#x43E;&#x432;</subfield>
  </datafield>
  <datafield tag="210" ind1=" " ind2=" ">
    <subfield code="d">1972</subfield>
  </datafield>
  <datafield tag="215" ind1=" " ind2=" ">
    <subfield code="a">66 &#x441;.</subfield>
  </datafield>
  <datafield tag="320" ind1=" " ind2=" ">
    <subfield code="a">&#x421;&#x43F;&#x438;&#x441;&#x43E;&#x43A; &#x43B;&#x438;&#x442;.: &#x441;. 62-65</subfield>
  </datafield>
  <datafield tag="461" ind1=" " ind2="0">
    <subfield code="1">001rc\3606900</subfield>
    <subfield code="1">2001#$a&#x41C;&#x430;&#x440;&#x43A;&#x441;&#x438;&#x441;&#x442;&#x441;&#x43A;&#x43E;-&#x43B;&#x435;&#x43D;&#x438;&#x43D;&#x441;&#x43A;&#x430;&#x44F; &#x44D;&#x442;&#x438;&#x43A;&#x430;$e&#x41B;&#x435;&#x43A;&#x446;&#x438;&#x438; &#x43F;&#x43E; &#x43A;&#x443;&#x440;&#x441;&#x443;$f&#x41D;&#x430;&#x443;&#x447;.-&#x43C;&#x435;&#x442;&#x43E;&#x434;. &#x43A;&#x430;&#x431;. &#x43F;&#x43E; &#x437;&#x430;&#x43E;&#x447;. &#x438; &#x432;&#x435;&#x447;. &#x43E;&#x431;&#x443;&#x447;&#x435;&#x43D;&#x438;&#x44E; &#x41C;&#x413;&#x423; &#x438;&#x43C;. &#x41C;.&#x412;. &#x41B;&#x43E;&#x43C;&#x43E;&#x43D;&#x43E;&#x441;&#x43E;&#x432;&#x430;$v&#x427;. 1</subfield>
    <subfield code="9">7726160</subfield>
    <subfield code="c">&#x41C;&#x43E;&#x441;&#x43A;&#x432;&#x430;</subfield>
    <subfield code="d">1972-</subfield>
    <subfield code="f">&#x41D;&#x430;&#x443;&#x447;.-&#x43C;&#x435;&#x442;&#x43E;&#x434;. &#x43A;&#x430;&#x431;. &#x43F;&#x43E; &#x437;&#x430;&#x43E;&#x447;. &#x438; &#x432;&#x435;&#x447;. &#x43E;&#x431;&#x443;&#x447;&#x435;&#x43D;&#x438;&#x44E; &#x41C;&#x413;&#x423; &#x438;&#x43C;. &#x41C;.&#x412;. &#x41B;&#x43E;&#x43C;&#x43E;&#x43D;&#x43E;&#x441;&#x43E;&#x432;&#x430;</subfield>
    <subfield code="n">&#x418;&#x437;&#x434;-&#x432;&#x43E; &#x41C;&#x413;&#x423;</subfield>
    <subfield code="o">&#x41B;&#x435;&#x43A;&#x446;&#x438;&#x438; &#x43F;&#x43E; &#x43A;&#x443;&#x440;&#x441;&#x443;</subfield>
    <subfield code="t">&#x41C;&#x430;&#x440;&#x43A;&#x441;&#x438;&#x441;&#x442;&#x441;&#x43A;&#x43E;-&#x43B;&#x435;&#x43D;&#x438;&#x43D;&#x441;&#x43A;&#x430;&#x44F; &#x44D;&#x442;&#x438;&#x43A;&#x430;</subfield>
    <subfield code="v">&#x427;. 1</subfield>
  </datafield>
  <datafield tag="604" ind1=" " ind2=" ">
    <subfield code="1">50010$a&#x42D;&#x442;&#x438;&#x43A;&#x430; &#x43A;&#x430;&#x43A; &#x444;&#x438;&#x43B;&#x43E;&#x441;&#x43E;&#x444;&#x441;&#x43A;&#x430;&#x44F; &#x43D;&#x430;&#x443;&#x43A;&#x430;</subfield>
    <subfield code="1">700#1$a&#x410;&#x43D;&#x438;&#x441;&#x438;&#x43C;&#x43E;&#x432;$b&#x421;.&#x424;.$g&#x421;&#x435;&#x440;&#x433;&#x435;&#x439; &#x424;&#x435;&#x434;&#x43E;&#x440;&#x43E;&#x432;&#x438;&#x447;</subfield>
    <subfield code="t">&#x42D;&#x442;&#x438;&#x43A;&#x430; &#x43A;&#x430;&#x43A; &#x444;&#x438;&#x43B;&#x43E;&#x441;&#x43E;&#x444;&#x441;&#x43A;&#x430;&#x44F; &#x43D;&#x430;&#x443;&#x43A;&#x430;</subfield>
    <subfield code="a">&#x410;&#x43D;&#x438;&#x441;&#x438;&#x43C;&#x43E;&#x432;, &#x421;&#x435;&#x440;&#x433;&#x435;&#x439; &#x424;&#x435;&#x434;&#x43E;&#x440;&#x43E;&#x432;&#x438;&#x447;</subfield>
  </datafield>
  <datafield tag="700" ind1=" " ind2="1">
    <subfield code="4">070</subfield>
    <subfield code="7">ca</subfield>
    <subfield code="8">rus</subfield>
    <subfield code="a">&#x410;&#x43D;&#x438;&#x441;&#x438;&#x43C;&#x43E;&#x432;</subfield>
    <subfield code="b">&#x421;. &#x424;.</subfield>
    <subfield code="c">&#x434;-&#x440; &#x444;&#x438;&#x43B;&#x43E;&#x441;. &#x43D;&#x430;&#x443;&#x43A;</subfield>
    <subfield code="f">1922-2005</subfield>
    <subfield code="g">&#x421;&#x435;&#x440;&#x433;&#x435;&#x439; &#x424;&#x435;&#x434;&#x43E;&#x440;&#x43E;&#x432;&#x438;&#x447;</subfield>
    <subfield code="3">RU\NLR\AUTH\770280788</subfield>
    <subfield code="9">2652755</subfield>
  </datafield>
  <datafield tag="801" ind1=" " ind2="0">
    <subfield code="a">RU</subfield>
    <subfield code="b">NLR</subfield>
    <subfield code="g">psbo</subfield>
  </datafield>
  <datafield tag="801" ind1=" " ind2="1">
    <subfield code="a">RU</subfield>
    <subfield code="b">ELAR</subfield>
    <subfield code="2">rusmarc</subfield>
  </datafield>
  <datafield tag="852" ind1=" " ind2=" ">
    <subfield code="a">NLR</subfield>
    <subfield code="j">72-6/2354</subfield>
  </datafield>
  <datafield tag="942" ind1=" " ind2=" ">
    <subfield code="c">BOOK</subfield>
  </datafield>
  <datafield tag="980" ind1=" " ind2=" ">
    <subfield code="a">NB</subfield>
  </datafield>
  <datafield tag="995" ind1=" " ind2=" ">
    <subfield code="5">2013-10-26</subfield>
    <subfield code="b">NLR01</subfield>
    <subfield code="c">NLR01</subfield>
    <subfield code="e">RF91</subfield>
    <subfield code="f">7815195-10</subfield>
    <subfield code="k">72-6/2354</subfield>
    <subfield code="o">0</subfield>
    <subfield code="r">BOOK</subfield>
    <subfield code="s">7262354_</subfield>
  </datafield>
</record>
